000 00479nam a2200133 a 4500
008 120416s1982 ||||||||||||||||| || u
050 _aHG 3881 Ori
245 1 0 _aInternational capital markets 1982
246 _aOrion Royal Bank
260 _aLondon
_bEuromoney
_c[1982]
300 _aviii, 187p. : ill.
350 _a0.00
995 _D0.00
_FCBU-MAIN LIBRARY (Kitwe)
_H1
_I0.00
_M1
_UAVAILABLE
_ZAnnex Low-Usage Collection
999 _c47309
_d47309